Читая Ленина сегодня
| Glavni avtor: | |
|---|---|
| Izvleček: | Исключено из фонда НТБ ТПУ |
| Jezik: | ruščina |
| Izdano: |
Москва, Мысль, 1988
|
| Format: | MixedMaterials Knjiga |
| KOHA link: | https://koha.lib.tpu.ru/cgi-bin/koha/opac-detail.pl?biblionumber=262466 |
MARC
| LEADER | 00000nam0a2200000 4500 | ||
|---|---|---|---|
| 001 | 262466 | ||
| 005 | 20231031222033.0 | ||
| 010 | |a 5244003542 | ||
| 035 | |a (RuTPU)RU\TPU\book\285449 | ||
| 090 | |a 262466 | ||
| 100 | |a 20140602d1988 k y0rusy50 ca | ||
| 101 | 0 | |a rus | |
| 102 | |a RU | ||
| 105 | |a y z 000zb | ||
| 200 | 1 | |a Читая Ленина сегодня |f В. В. Трушков | |
| 210 | |a Москва |c Мысль |d 1988 | ||
| 215 | |a 144 с. | ||
| 333 | |a Исключено из фонда НТБ ТПУ | ||
| 700 | 1 | |a Трушков |b В. В. |g Виктор Васильевич | |
| 801 | 1 | |a RU |b 63413507 |c 20140602 | |
| 801 | 2 | |a RU |b 63413507 |c 20220314 |g RCR | |
| 942 | |c BK | ||